Responses for Show #5604 - Thursday, January 8, 2009

Contestants

[<< previous game]

Erik Townsend, a college student from Dover, New Hampshire

Kori Tyler, a high school teacher from Cordova, Tennessee

Ranjan Ramchandani, a management consultant from Houston, Texas (whose 2-day cash winnings total $37,000)

[next game >>]

Jeopardy! Round responses

THIS JUST IN
CENTRAL PARK ENTERTAINMENT
19th CENTURY AMERICA
BUTTON IT!
LET'S REMOVE YOUR GALLBLADDER
ALSO A PLANET
    $200 1
pearls

Ranjan
    $200 16
Sex and the City

Ranjan
    $200 11
the Republican Party

Ranjan
    $200 21
a belly button

Ranjan
    $200 26
an incision

Ranjan
    $200 6
Earth

Ranjan
    $400 2
Astronomy

Ranjan
    $400 17
marionettes

Ranjan
    $400 12
(Ranjan: What's 1812?)
...
(Alex: You are right. It was part of the War of 1812, of course.)

1814

RanjanKori
    $400 22
an ejection seat

Erik
    $400 27
bile

Ranjan
    $400 7
(Ranjan: What's Mercury?)

Saturn

RanjanKori
    $600 3
Kentucky

Ranjan
    $600 18
Law & Order

Erik
    $600 13
(Erik: What is the Union Pacific?)

the Pullman Company

Erik
Triple Stumper
    $600 23
inflation

Erik
    $600 28
forceps

Erik
    $600 8
Venus

Erik
    $800 4
(Ranjan: What is Williamsburg?)
(Erik: What is Fairfax?)

Alexandria

RanjanErik
Triple Stumper
    $800 19
Pocahontas

Ranjan
    $800 14
Andersonville

Kori
    $800 24
The Jetsons

Ranjan
    $800 29
arteries

Ranjan
    $800 9
Jupiter

Triple Stumper
    $1000 5
Chicago

Kori
    $1000 20
(Ranjan: What's Dennis the Menace?)

The Out-of-Towners

Ranjan
Triple Stumper
    $1,200 15
(Kori: Who is Currier?)

John Jacob Astor

Kori
    $1000 25
a button-down shirt

Erik
    $1000 30
cholesterol

Ranjan
    $1000 10
Mars

Kori

Scores at the first commercial break (after clue 15):

Ranjan Kori Erik
$0 $2,400 -$800

Scores at the end of the Jeopardy! Round:

Ranjan Kori Erik
$3,800 $2,400 $2,400

Double Jeopardy! Round responses

THIS JUSTIN
LITERARY CHARACTERS
GEORGES THE BELGIAN WAFFLER
ABSTRACT ART
IT'S A FACT
SOUNDS LIKE PIG LATIN
    $400 1
Apple

Ranjan
    $400 7
Elizabeth

Kori
    $400 21
Brussels

Ranjan
    $400 16
an eggbeater

Erik
    $400 6
Helena

Ranjan
    $400 30
a souffle

Ranjan
    $800 2
98 degrees

Kori
    $800 8
Evangeline

Ranjan
    $800 22
Flanders

Ranjan
    $800 17
(Erik: What is the Guggenheim?)

the Museum of Modern Art (MOMA)

RanjanErik
    $800 12
Mao

Kori
    $2,000 28
(Ranjan: What is a gas?)

cabernet

Ranjan
    $1200 3
Malcolm in the Middle

Erik
    $1200 9
(Erik: Who is Killerman?)

(Tony) Hillerman

KoriErik
    $1200 23
Maginot

Ranjan
    $1200 18
Cubist

Triple Stumper
    $1200 13
(Ranjan: What's Spain?)

Andorra

RanjanErik
    $1200 26
Obey

Kori
    $1600 4
Justin Timberlake

Triple Stumper
    $1600 10
March

Kori
    $1600 24
(Hercule) Poirot

Ranjan
    $1600 19
the Soviet Union

Kori
    $1600 14
(George Washington) Carver

Ranjan
    $1600 27
an attache

Ranjan
    $3,600 5
(Erik: What is Rome?)

the Byzantine Empire (the Eastern Rome Empire)

Erik
    $2000 11
(Kori: Who is Babbitt?)

Elmer Gantry

RanjanKori
    $2000 25
Ghent

Ranjan
    $2000 20
(Ranjan: What's Minimalism?)
(Erik: What is Dark?)

Abstract Expressionism

RanjanErik
Triple Stumper
    $2000 15
Gary Busey

Kori
    $2000 29
a communique

Ranjan

Scores at the end of the Double Jeopardy! Round:

Ranjan Kori Erik
$14,600 $10,000 -$2,400

[wagering suggestions for these scores]

Final Jeopardy! Round responses

MUSICAL THEATRE
KoriWhat is The King and I
$10,000
RanjanWhat is Mary Poppins?
$5,401
The King and I

Final scores:

Ranjan Kori Erik
$9,199 $20,000 -$2,400
2nd place: $2,000 New champion: $20,000 3rd place: $1,000

Game dynamics:

Coryat scores:

Ranjan Kori Erik
$16,600 $11,200 $1,200
28 R,
7 W
(including 1 DD)
13 R,
2 W
(including 1 DD)
9 R,
6 W
(including 1 DD)

Combined Coryat: $29,000

[game clues] [game scores] [suggest correction]

Game tape date: 2008-11-05
The J! Archive is created by fans, for fans. Scraping, republication, monetization, and malicious use prohibited; this site may use cookies and collect identifying information. See terms. The Jeopardy! game show and all elements thereof, including but not limited to copyright and trademark thereto, are the property of Jeopardy Productions, Inc. and are protected under law. This website is not affiliated with, sponsored by, or operated by Jeopardy Productions, Inc. Join the discussion at JBoard.tv.